Normal view
MARC view
Entry Topical Term
001 - CONTROL NUMBER
- control field: 17074
003 - CONTROL NUMBER IDENTIFIER
- control field: ARRUPE
005 - DATE AND TIME OF LATEST TRANSACTION
- control field: 20150409174316.0
008 - FIXED-LENGTH DATA ELEMENTS
- fixed length control field: 150409|| aca||aabn | a|a d
040 ## - CATALOGING SOURCE
- Original cataloging agency: ARRUPE
- Transcribing agency: ARRUPE
150 ## - HEADING--TOPICAL TERM
- Topical term or geographic name as entry element: Bible O.T. Genesis XXII
- General subdivision: Criticism
670 ## - SOURCE DATA FOUND
- Source citation: Work cat.: (ARRUPE): Miller, D.G. 17072, Exegesis, 1978